书目信息 |
| 题名: |
新7律
|
|
| 作者: | 卢茨 著 ;马小兰 , 石洪宁 译 | |
| 分册: | ||
| 出版信息: | 北京 中国商业出版社 2003 |
|
| 页数: | 13,288页 | |
| 开本: | 21cm | |
| 丛书名: | ||
| 单 册: | ||
| 中图分类: | F471.264 | |
| 科图分类: | ||
| 主题词: | 汽车工业--工业企业管理--经验--美国 , 汽车工业 , 工业企业管理 | |
| 电子资源: | ||
| ISBN: | 7-5044-4822-2 | |
| 000 | 01617nam0 2200421 450 | |
| 000 | 01582nam0 2200409 450 | |
| 000 | 01545nam0 2200397 450 | |
| 000 | 01449nam0 2200397 450 | |
| 000 | 01412nam0 2200385 450 | |
| 000 | 01345nam0 2200361 450 | |
| 001 | 0104000022 | |
| 005 | 20061030084746.52 | |
| 010 | @a7-5044-4822-2@dCNY18.00 | |
| 100 | @a20050927d2003 em y0chiy0110 ea | |
| 101 | 1 | @achi@ceng |
| 102 | @aCN@b110000 | |
| 105 | @aa z 000yd | |
| 200 | 1 | @a新7律@Axin 7 lu@e变革时代的领导力@f(美)罗伯特·A·卢茨(Robert A.Lutz)著@F(mei)luo bo te·A·lu ci(Robert A.Lutz)zhu@g马小兰,石洪宁译@Gma xiao lan,shi hong ning yi |
| 210 | @a北京@c中国商业出版社@d2003 | |
| 215 | @a13,288页@c照片@d21cm | |
| 300 | @a科文图书 | |
| 304 | @a译者取自CIP数据 | |
| 305 | @aJohn Wiley & Sons,Inc.授权科文(香港)出版有限公司 | |
| 306 | @a与科文(香港)出版有限公司联合出版 | |
| 330 | @a本书介绍了7条经典商业法则,改变了传统商业法则的陈规旧律,详细介绍了“顾客不总是对的”、“过分追求质量会毁了你”、“集体协作亦有弊端”等。 | |
| 510 | 1 | @aGUTS : The Seven Laws of Business That Made Chrysler the World's Hottest Car Company@zeng |
| 517 | 1 | @a变革时代的领导力@9bian ge shi dai de ling dao li |
| 606 | 0 | @a汽车工业@x工业企业管理@x经验@y美国 |
| 606 | 0 | @a汽车工业 |
| 606 | 0 | @a工业企业管理 |
| 690 | @aF471.264@v4 | |
| 701 | 0 | @a卢茨@9lu ci@4著 |
| 702 | 0 | @a马小兰@9ma xiao lan@4译 |
| 702 | 0 | @a石洪宁@9shi hong ning@4译 |
| 801 | 0 | @aCN@b北京荣雅伟业图书经销中心@c20061030 |
| 905 | @aBZT@dF471.264@e1 | |
| 906 | @dCNY18.00@n0@r1 | |
| 新7律:变革时代的领导力/(美)罗伯特·A·卢茨(Robert A.Lutz)著/马小兰,石洪宁译.-北京:中国商业出版社,2003 |
| 13,288页:照片;21cm |
| 科文图书 |
| ISBN 7-5044-4822-2:CNY18.00 |
| 本书介绍了7条经典商业法则,改变了传统商业法则的陈规旧律,详细介绍了“顾客不总是对的”、“过分追求质量会毁了你”、“集体协作亦有弊端”等。 |
| ● |
| 相关链接 |
|
|
|
正题名:新7律
索取号:F471.264/1
 
预约/预借
| 序号 | 登录号 | 条形码 | 馆藏地/架位号 | 状态 | 备注 |
| 1 | 514521 | 230089889 | 中心书库北库/ 北库018架A面1列4层9/ [索取号:F471.264/1] | 在馆 | |
| 2 | 514522 | 230089890 | 中心书库北库/ 北库018架A面1列4层10/ [索取号:F471.264/1] | 在馆 | |
| 3 | 514523 | 230089891 | 中心书库北库/ 北库018架A面1列4层11/ [索取号:F471.264/1] | 在馆 | |
| 4 | 514524 | 230089892 | 中心书库北库/ 北库018架A面1列4层13/ [索取号:F471.264/1] | 在馆 | |
| 5 | 514525 | 230089893 | 中心书库北库/ 北库018架A面1列4层12/ [索取号:F471.264/1] | 在馆 |